|
|
|
|
| LEADER |
01048nam a2200241 4500 |
| 001 |
AAL4301 |
| 003 |
BD-DhAAL |
| 005 |
20160220093722.0 |
| 008 |
160219s 2004bg ||||| |||| 00| 0 ben d |
| 020 |
|
|
|a 9848260056
|
| 040 |
|
|
|a BD-DhAAL
|c BD-DhAAL
|
| 082 |
|
|
|a 813/.6
|2 22
|
| 100 |
|
|
|a দস্তয়ভস্কি, ফিওদর
|9 18076
|
| 245 |
|
|
|a ক্রাইম এ্যান্ড পানিশমেণ্ট :
|b অপরাধ ও শাস্তি /
|c ফিওদর দস্তয়ভস্কি
|
| 260 |
|
|
|a ঢাকা :
|b দি স্কাই পাবলিশার্স,
|c ২০০৪
|
| 300 |
|
|
|a ২৮০ পৃ. ;
|c ২২ সে.মি.
|
| 541 |
|
|
|e 4301
|
| 650 |
|
|
|a Conscience
|x Fiction.
|9 18077
|
| 650 |
|
|
|a Crime and criminals
|x Fiction.
|9 18078
|
| 852 |
|
|
|a Savar Campus Library
|c General Shelf
|
| 942 |
|
|
|2 ddc
|c BK
|
| 999 |
|
|
|c 36894
|d 36894
|
| 952 |
|
|
|0 0
|1 0
|2 ddc
|4 0
|6 813_600000000000000
|7 0
|9 58082
|a SCL
|b SCL
|c GEN
|d 2016-02-19
|g 180.00
|l 13
|m 24
|o 813.6
|p 3020004301
|r 2025-07-14
|s 2025-07-01
|t 1
|w 2016-02-19
|y BK
|